A TEXTBOOK OF PHYSICAL PHARMACEUTICS - I (Record no. 5953)

MARC details
000 -LEADER
fixed length control field 00378nam a22001457a 4500
005 - DATE AND TIME OF LATEST TRANSACTION
control field 20190606111148.0
008 - FIXED-LENGTH DATA ELEMENTS--GENERAL INFORMATION
fixed length control field 190606b xxu||||| |||| 00| 0 eng d
020 ## - INTERNATIONAL STANDARD BOOK NUMBER
ISBN 978-93-87686-87-8
041 ## - LANGUAGE CODE
Language code of text/sound track or separate title eng
100 ## - MAIN ENTRY--AUTHOR NAME
Personal name JAGTAP, DR, VAIBHAV KUMAR A. AND OTHERS
245 ## - TITLE STATEMENT
Title A TEXTBOOK OF PHYSICAL PHARMACEUTICS - I
250 ## - EDITION STATEMENT
Edition statement 2nd Ed. 2019
260 ## - PUBLICATION, DISTRIBUTION, ETC. (IMPRINT)
Place of publication B.1p.
942 ## - ADDED ENTRY ELEMENTS (KOHA)
Koha item type Books

No items available.